¿Ciencias sociales para qué y para quién ? /

Պահպանված է:
Մատենագիտական մանրամասներ
Հիմնական հեղինակ: Pérez Baltodano, Andrés
Ձևաչափ: Տեքստ
Խորագրեր:
Ցուցիչներ: Ավելացրեք ցուցիչ
Չկան պիտակներ, Եղեք առաջինը, ով նշում է այս գրառումը!

MARC

LEADER 00000 a a2200000 04500
001 6943
003
040
100 |a Pérez Baltodano, Andrés  
245 |a ¿Ciencias sociales para qué y para quién ? /  |c Andrés Pérez Baltodano 
650 |a TEORIA SOCIAL  
650 |a CIENCIAS SOCIALES  
773 |g volumen 40, número 79; páginas 30-47  
999 |c 25154  |d 25154